000 00637nam a2200253Ia 4500
003 OSt
005 20221005092857.0
006 a|||||r|||| 00| 0
007 ta
008 221004b |||||||| |||| 00| 0 eng d
020 _a0791445275
024 _a28829
037 _cTextual
040 _aCRL
_cCRL
_beng
041 _2eng
_aeng
082 _a/\, P0
100 _aGier Nicholas F.
_921070
245 0 _aSpiritual Titanism
260 _aNew York
_bState University press USA
_c2000
300 _a302p.
_ccm.
650 _aSPIRITUALISM
942 _h/\, P0
_cTEXL
_2cc
999 _c999524
_d999524